Planning for tall buildings

Bibliographic Details
Main Author: Short, Michael J
Format: Book
Language:English
Published: London : Routledge , 2012
Subjects:

MARC

LEADER 00000cam a2200000 7i4500
001 0000025106
005 20140204.0
008 090114 -usa eng
020 |a 9780415581080 ,   |c RM155.70 
040 |a INS 
090 0 0 |a NA6230   |b S36 2012 
100 1 |a Short, Michael J 
245 1 0 |a Planning for tall buildings   |c Michael J. Short 
260 |a London :   |b Routledge ,   |c 2012 
300 |a xi,222p. :   |b ill ;   |c 23. 
500 |a Include index 
650 0 |a City planning 
650 0 |a Tall buildings   |x Social aspects 
999 |a 1000001382   |b BOOK   |c Open Shelf   |e Default branch